Sujetos de la transformación universitaria /

Detalles Bibliográficos
Autor principal: Kepowics Malinowska, Bárbara
Otros Autores: Romero Espinoza, María de los Angeles, Sandoval Mendoza, María del Carmen
Formato: Libro
Lenguaje:inglés

MARC

LEADER 00000cam a2200000 a 4500
001 040151
003 UAHC_CL
005 20170803124425.0
008 060714b xx j 000 1 eng
040 |a UAHC_CL  |c UAHC_CL  |d UAHC_CL 
100 1 |a Kepowics Malinowska, Bárbara 
245 1 0 |a Sujetos de la transformación universitaria /  |c Bárbara Kepowics, María de los Angeles Romero, María del Carmen Sandoval. 
500 |a Revista Complutense de Educación. --Vol. 7, Nº1 (1996) pp. 224-241. 
700 1 |a Romero Espinoza, María de los Angeles 
700 1 |a Sandoval Mendoza, María del Carmen 
900 |a REV. COMPLUT. EDUC.-01/96 
942 |c BK 
999 |c 40151  |d 40151